000 00483nam a2200193Ia 4500
003 GCL
008 140319s9999 xx 000 0 ara d
040 _aGCL /
_cGCL
082 0 4 _a943
_bهـ ت
245 1 0 _aالتراث الهندى
300 _a272 ص
490 _a
650 0 4 _aالديانات الهندية
650 0 4 _aالبوذية
650 0 4 _aالهندوسية
650 0 4 _aالهند القديمة
650 0 4 _aالهند - تاريخ
942 _2ddc
_cBK
999 _c37989
_d37989